Word Ladder: Abra Cadabra Quiz Stats

Quiz Updated Jul 24, 2015

Challenge
Share
Tweet
Embed
Score 0/11 Timer 01:00
0 Plays Today
Clue 4-Letter Word % Correct
*** Now you see me, now you ___ ***DON'T
99.3%
Partner of Earth and FireWIND
91.8%
A strong desireWANT
89.7%
The peel of a fruitRIND
88.3%
*** Harry Potter's has a phoenix feather ***WAND
88%
Accustomed toWONT
84%
*** Sauron really wants to be Lord over it ***RING
77.5%
The last ethnically Chinese dynasty in ChinaMING
72.7%
A boldly flirtatious womanMINX
53.1%
*** A hex ***JINX
48.4%
*** Oft-bottled magical creature from Arabia ***JINN
22.7%

Today's Daily Dose

Quick Pick
Overwatch Maps

On This Day
May 26th II

You're not logged in!

Compare scores with friends on all Sporcle quizzes.
Join for Free
OR
Log In

You Might Also Like...

Show Comments

Extras

Top Quizzes Today


Score Distribution

Your Account Isn't Verified!

In order to create a playlist on Sporcle, you need to verify the email address you used during registration. Go to your Sporcle Settings to finish the process.

Report this User

Report this user for behavior that violates our Community Guidelines.

Details: